000 00585nam a22001577a 4500
003 NUST
038 _aNusrat Nadeem
082 _a200
100 _aAmir, Aleena
_9132541
245 _aUnderstanding How and When Consumers’ Perceived Authenticity Influence their Issue Support Behaviour and Buycott Intention: A Mixed Method Study/
_cAleena Amir
264 _aIslamabad:
_bNBS NUST.
_c2025.
650 _aPhD- Business Administration
_9123754
700 _aSupervisor: Dr. Muhammad Usman
_9123788
856 _u http://10.250.8.41:8080/xmlui/handle/123456789/57027
942 _2ddc
_cSC
999 _c615679
_d615679